Statistics for U.S. State Bird & State Map Quiz

Click here to take the quiz!

General Stats

  • This quiz has been taken 4 times
  • The average score is 42 of 50

Answers on the Map

Answers color-coded by a green-red scale on the quiz's map according to % correct below.
 

Answer Stats

Answer% Correct
Arizona - Cactus Wren
100%
Arkansas - Northern Mockingbird
100%
California - California Quail
100%
Florida - Northern Mockingbird
100%
Georgia - Brown Thrasher
100%
Hawaii - Nēnē
100%
Illinois - Northern Cardinal
100%
Kentucky - Northern Cardinal
100%
Louisiana - Brown Pelican
100%
Maryland - Baltimore Oriole
100%
Michigan - American Robin
100%
Minnesota - Common Loon
100%
Mississippi - Northern Mockingbird
100%
Missouri - Eastern Bluebird
100%
Montana - Western Meadowlark
100%
Nevada - Mountain Bluebird
100%
New York - Eastern Bluebird
100%
North Carolina - Northern Cardinal
100%
Ohio - Northern Cardinal
100%
Oklahoma - Scissor-tailed Flycatcher
100%
Oregon - Western Meadowlark
100%
Pennsylvania - Ruffed Grouse
100%
Rhode Island - Rhode Island Red
100%
South Carolina - Carolina Wren
100%
South Dakota - Ring-necked Pheasant
100%
Tennessee - Northern Mockingbird
100%
Texas - Northern Mockingbird
100%
Utah - California Gull
100%
Virginia - Northern Cardinal
100%
West Virginia - Northern Cardinal
100%
Alabama - Northern Flicker
67%
Alaska - Willow Ptarmigan
67%
Colorado - Lark Bunting
67%
Connecticut - American Robin
67%
Delaware - Delaware Blue Hen
67%
Idaho - Mountain Bluebird
67%
Indiana - Northern Cardinal
67%
Kansas - Western Meadowlark
67%
Maine - Black-capped Chickadee
67%
Massachusetts - Black-capped Chickadee
67%
Nebraska - Western Meadowlark
67%
New Hampshire - Purple Finch
67%
New Jersey - Eastern Goldfinch
67%
New Mexico - Greater Roadrunner
67%
North Dakota - Western Meadowlark
67%
Wisconsin - American Robin
67%
Wyoming - Western Meadowlark
67%
Iowa - Eastern Goldfinch
33%
Vermont - Hermit Thrush
33%
Washington - Willow Goldfinch
33%

Score Distribution

Percentile by Number Answered

Percent of People with Each Score

Your Score History

You have not taken this quiz